प्रत्येक राष्ट्रभक्ताचे स्वप्न अखंड भारत (Record no. 370198)

MARC details
000 -LEADER
fixed length control field 02396 a2200157 4500
003 - CONTROL NUMBER IDENTIFIER
control field OSt
005 - DATE AND TIME OF LATEST TRANSACTION
control field 20260204135155.0
008 - FIXED-LENGTH DATA ELEMENTS--GENERAL INFORMATION
fixed length control field 260204b |||||||| |||| 00| 0 eng d
020 ## - INTERNATIONAL STANDARD BOOK NUMBER
International Standard Book Number 9788197025747
100 ## - MAIN ENTRY--PERSONAL NAME
Personal name सप्रे एस.
9 (RLIN) 216596
245 ## - TITLE STATEMENT
Title प्रत्येक राष्ट्रभक्ताचे स्वप्न अखंड भारत
260 ## - PUBLICATION, DISTRIBUTION, ETC. (IMPRINT)
Name of publisher, distributor, etc. भारतीय विचार साधना प्रकाशन
Date of publication, distribution, etc. 2024
Place of publication, distribution, etc. पुणे
300 ## - PHYSICAL DESCRIPTION
Extent 116pp.
520 ## - SUMMARY, ETC.
Summary, etc. पुस्तक: अखंड भारत लेखक: डॉ. सदानंद दामोदर सप्रे भारताची फाळणी एक दुःस्वप्न होते. आजही अखंड भारत व्हावा ही अनेकांची केवळ मनोकामनाच नाही तर त्याचे प्रत्यक्ष स्वरूप कसे आकारास येईल ह्यावर अनेक विचारवंत भाष्य करत असतात. त्याप्रमाणेच डॉ. सदानंद दामोदर सप्रे ह्यांनी केलेले एक सुंदर भाष्य. भारत विभाजित कसा झाला, त्यावेळेस कोणती परिस्थिती होती, ह्यावर लेखकांनी उत्तम प्रकाश टाकला आहे. पुस्तकाच्या पूर्वार्धात फाळणी का झाली ह्याची कारणीमिमांसा केलेली आहे. आणि उत्तरार्धात पुन्हा भारत अखंड कसा होऊ शकेल ह्याचे विवेचन केले आहे. तरुण पिढीला त्यावेळच्या परिस्थितीची कल्पना आणि अखंड भारताचे स्वप्न डोळ्यामध्ये तेवत ठेवण्यासाठी उत्तम पुस्तक जे सर्वांनी वाचले पाहिजे, संग्रही ठेवले पाहिजे आणि भेटही दिले पाहिजे.
942 ## - ADDED ENTRY ELEMENTS (KOHA)
Koha item type Books
Source of classification or shelving scheme Dewey Decimal Classification
Holdings
Withdrawn status Lost status Source of classification or shelving scheme Damaged status Not for loan Collection code Home library Current library Date acquired Vendor Cost, normal purchase price Total Checkouts Barcode Date last seen Cost, replacement price Bill Date Koha item type Original Barcode
    Dewey Decimal Classification     MCA MKSSS s K.B. Joshi Institute of Information Technology Library MKSSS s K.B. Joshi Institute of Information Technology Library 03/02/2026 188 105.00   KBJP-BK-3012 03/02/2026 150.00 03/02/2026 Books 3012